| 000 | 00690nam a2200229 i 4500 | ||
|---|---|---|---|
| 001 | 101674 | ||
| 003 | ES-MaACL | ||
| 005 | 20250919110344.0 | ||
| 007 | t| | ||
| 008 | 051021s1968 sp ||||1| spa d | ||
| 100 | 1 |
_aMehl, Roger. _979814 |
|
| 245 | 1 | 0 |
_aSociedad y amor / _cRoger Mehl; [traducido ...Juan Estruch]. |
| 250 | _a[1ª ed.]. | ||
| 260 |
_aBarcelona : _bFontanella Bibliograf., _c1968. |
||
| 300 |
_a224 p. ; _c18 cm. |
||
| 490 | 1 |
_aColección "Pensamiento" ; _v1 |
|
| 650 | 4 |
_aFamilias. _9153905 |
|
| 700 | 1 |
_aEstruch, Joan, _d1943- _948256 |
|
| 830 | 0 |
_aColección "Pensamiento" ; _v1 _9232348 |
|
| 852 |
_aES-MaACL _jC-37189 _bR.66943 |
||
| 999 |
_c101674 _d101674 |
||